[Event "Kosovo Club Cup"]
[Site "Pristina"]
[Date "2016.11.06"]
[Round "1.3"]
[White "Mujovi, Mehmedalia"]
[Black "Rushiti, Halit"]
[Result "1/2-1/2"]
[WhiteElo "1777"]
[BlackElo "1960"]
[PlyCount "94"]
[EventDate "2016.11.06"]
[EventType "team-tourn"]
[EventRounds "7"]
[EventCountry "KOS"]
[SourceTitle "EXT 2018"]
[Source "ChessBase"]
[SourceDate "2017.10.13"]
[SourceVersion "1"]
[SourceVersionDate "2017.10.13"]
[SourceQuality "1"]
[WhiteTeam "Zhupa"]
[BlackTeam "Llamkos"]
[WhiteTeamCountry "KOS"]
[BlackTeamCountry "KOS"]

1. e4 e5 2. Nf3 Nc6 3. Bb5 Bc5 4. 0-0 d6 5. c3 a6 6. Ba4 b5 7. Bc2 Bg4 8. h3 Bh5 9. d3 h6 10. Be3 Nge7 11. d4 Bxf3 12. gxf3 Bb6 13. Kh2 Ng6 14. Rg1 Qf6 15. d5 Nce7 16. a4 0-0 17. Nd2 Nf4 18. Qf1 Neg6 19. b4 Kh8 20. c4 Bd4 21. Ra3 Rfb8 22. cxb5 axb5 23. a5 Kh7 24. Bd1 Bb2 25. Rb3 Bd4 26. Nb1 Ra6 27. Na3 c5 28. dxc6 Rxc6 29. Nxb5 Qh4 30. Rg3 Bxe3 31. fxe3 Rxb5 32. Qxb5 Rc1 33. Qf1 Nh5 34. Rg2 Qe7 35. b5 Qe6 36. b6 Qxb3 37. Bxb3 Rxf1 38. b7 Nh4 39. Rd2 Nxf3+ 40. Kg2 Nxd2 41. b8Q Rb1 42. a6 Nxb3 43. a7 Rb2+ 44. Kg1 Rb1+ 45. Kf2 Rb2+ 46. Ke1 Ng3 47. a8Q Re2+ 1/2-1/2